[Event "Lazy op 12th"]
[Site "Lazy"]
[Date "2016.07.02"]
[Round "7"]
[White "Frej, Zofia"]
[Black "Nowak, Maciej"]
[Result "0-1"]
[WhiteElo "1929"]
[BlackElo "2007"]
[PlyCount "94"]
[EventDate "2016.06.26"]
[EventType "swiss"]
[EventRounds "9"]
[EventCountry "POL"]
[SourceTitle "CBM 173 Extra"]
[Source "ChessBase"]
[SourceDate "2016.08.29"]
[SourceVersion "1"]
[SourceVersionDate "2016.08.29"]
[SourceQuality "1"]

1. e4 c5 2. Nf3 Nc6 3. d4 cxd4 4. Nxd4 Nf6 5. Nc3 d6 6. g3 e5 7. Nde2 Be7 8. Bg2 Be6 9. 0-0 0-0 10. h3 Qc8 11. g4 Rd8 12. Ng3 g6 13. Nd5 Bxd5 14. exd5 Nb4 15. c3 Na6 16. Bg5 Re8 17. Qd2 Nc5 18. c4 a5 19. Rae1 Qd8 20. Be3 Nfd7 21. b3 Bf6 22. f3 Bh4 23. Bf2 Bxg3 24. Bxg3 f6 25. Qc2 Rb8 26. Kh2 b5 27. Rb1 Rf8 28. cxb5 Rxb5 29. Rg1 Rb7 30. Bf1 Qe7 31. Qd2 Ra7 32. Bc4 f5 33. gxf5 Rxf5 34. Qe2 Qf8 35. Rgf1 Rh5 36. Bd3 Nxd3 37. Qxd3 Nc5 38. Qc2 Qc8 39. Qg2 Rc7 40. Rbc1 Nd3 41. Rxc7 Qxc7 42. Kg1 Qc5+ 43. Bf2 Qc3 44. Qg4 Nf4 45. h4 Rf5 46. Re1 Qd2 47. Rf1 h5 0-1

[Event "Lazy op 12th"]
[Site "Lazy"]
[Date "2016.07.01"]
[Round "6"]
[White "Konieczynski, Piotr"]
[Black "Nowak, Maciej"]
[Result "1-0"]
[WhiteElo "1973"]
[BlackElo "2007"]
[PlyCount "157"]
[EventDate "2016.06.26"]
[EventType "swiss"]
[EventRounds "9"]
[EventCountry "POL"]
[SourceTitle "CBM 173 Extra"]
[Source "ChessBase"]
[SourceDate "2016.08.29"]
[SourceVersion "1"]
[SourceVersionDate "2016.08.29"]
[SourceQuality "1"]

1. d4 Nf6 2. Nf3 d5 3. c4 e6 4. Nc3 Be7 5. Bf4 0-0 6. e3 c6 7. h3 Nbd7 8. cxd5 exd5 9. Bd3 Re8 10. 0-0 Nf8 11. Rb1 Ng6 12. Bh2 a6 13. Qc2 Nd7 14. Rfc1 Ndf8 15. Na4 Bd6 16. Bxd6 Qxd6 17. b4 Qf6 18. Qd1 Bf5 19. Bxf5 Qxf5 20. Nc5 Re7 21. a4 Rd8 22. b5 axb5 23. axb5 Rd6 24. bxc6 bxc6 25. Rb6 h5 26. Nd3 Ree6 27. Nde5 Ne7 28. Qa4 Nd7 29. Qa8+ Kh7 30. Nxd7 Rxd7 31. Rb8 Re4 32. Rh8+ Kg6 33. Ne5+ Rxe5 34. dxe5 Qxe5 35. Qa4 d4 36. exd4 Rxd4 37. Qc2+ Kf6 38. Re8 Re4 39. Qd1 Qf5 40. Qd6+ Qe6 41. Qg3 Qd5 42. Qf3+ Kg6 43. Rd1 Qe5 44. g3 Qe6 45. Kg2 Re5 46. Qa3 c5 47. Qd3+ Qf5 48. Qc4 Qe6 49. Qc2+ Kf6 50. Red8 Qc6+ 51. Kh2 Re6 52. Qc3+ Kg6 53. R1d7 Nf5 54. Rd5 Nd4 55. Qd3+ Kf6 56. Qc3 Kg6 57. Kg2 Nf5 58. Qxc5 Qxc5 59. Rxc5 Ne7 60. Re8 f6 61. Rc7 Kf7 62. Ra8 f5 63. Kf3 Kf6 64. Rca7 Re4 65. Rf8+ Ke6 66. h4 g6 67. Ra6+ Kd7 68. Rff6 Ke8 69. Rxg6 Nxg6 70. Rxg6 Kf7 71. Rg5 Kf6 72. Rxh5 Ra4 73. Rh6+ Kg7 74. Rb6 Rc4 75. h5 Ra4 76. h6+ Kf7 77. h7 Kg7 78. Rh6 Kh8 79. Rf6 1-0

[Event "Lazy op 12th"]
[Site "Lazy"]
[Date "2016.06.27"]
[Round "2"]
[White "Krainski, Slawomir"]
[Black "Nowak, Maciej"]
[Result "1/2-1/2"]
[WhiteElo "2146"]
[BlackElo "2007"]
[PlyCount "116"]
[EventDate "2016.06.26"]
[EventType "swiss"]
[EventRounds "9"]
[EventCountry "POL"]
[SourceTitle "CBM 173 Extra"]
[Source "ChessBase"]
[SourceDate "2016.08.29"]
[SourceVersion "1"]
[SourceVersionDate "2016.08.29"]
[SourceQuality "1"]

1. e4 c5 2. Nf3 Nc6 3. d4 cxd4 4. Nxd4 Nf6 5. Nc3 d6 6. Bg5 e6 7. Qd2 a6 8. 0-0-0 h6 9. Bxf6 Qxf6 10. Nb3 Qd8 11. Kb1 Be7 12. f4 Qc7 13. Be2 Bd7 14. Rhe1 0-0-0 15. Bf3 g5 16. g3 Be8 17. Nd5 exd5 18. exd5 Bf6 19. dxc6 Bxc6 20. Bxc6 Qxc6 21. Qd5 Qxd5 22. Rxd5 gxf4 23. gxf4 Rhg8 24. a4 Rg6 25. Re4 Rd7 26. a5 Re7 27. Rc4+ Rc7 28. Nd2 Be7 29. Rxc7+ Kxc7 30. Nc4 Rg4 31. Rf5 f6 32. Nb6 Rh4 33. Rd5 Rxh2 34. Rd3 Rh5 35. b4 Kc6 36. Ka2 d5 37. Kb3 Bd8 38. Rc3+ Kd6 39. Na4 d4 40. Rd3 Rd5 41. Kc4 h5 42. Nc3 Rf5 43. Rxd4+ Kc7 44. Nd5+ Kc8 45. Ne3 Rb5 46. Kb3 h4 47. Nd5 Bxa5 48. c4 Rb6 49. Nxb6+ Bxb6 50. Rd6 Bd8 51. Rd3 Bc7 52. f5 Be5 53. c5 Kc7 54. Kc4 Kc6 55. Rf3 Bg3 56. Re3 Be5 57. Rf3 Bg3 58. Kd4 Be5+ 1/2-1/2

[Event "Lazy op 9th"]
[Site "Lazy"]
[Date "2013.07.04"]
[Round "5"]
[White "Janik, Igor"]
[Black "Nowak, Maciej"]
[Result "1-0"]
[WhiteElo "1930"]
[BlackElo "2010"]
[PlyCount "119"]
[EventDate "2013.06.30"]
[EventType "swiss"]
[EventRounds "9"]
[EventCountry "POL"]
[SourceTitle "CBM 155 Extra"]
[Source "ChessBase"]
[SourceDate "2013.08.26"]
[SourceVersion "1"]
[SourceVersionDate "2013.08.26"]
[SourceQuality "1"]

1. e4 c5 2. Nf3 Nc6 3. d4 cxd4 4. Nxd4 Nf6 5. Nc3 d6 6. Bc4 e6 7. 0-0 Be7 8. Bb3 0-0 9. Be3 a6 10. f4 Na5 11. e5 dxe5 12. fxe5 Nd5 13. Nxd5 exd5 14. Qf3 Nxb3 15. axb3 Bc5 16. c3 Bxd4 17. Bxd4 Be6 18. Qe3 Qh4 19. b4 Qe4 20. Qxe4 dxe4 21. Rf4 Bd5 22. Kf2 Rfe8 23. Ke3 Rad8 24. h4 Rd7 25. g4 h6 26. Rg1 Re6 27. h5 Kh7 28. Rf5 Rc7 29. Rgf1 Kg8 30. Ra1 Kh7 31. Rg1 Rd7 32. Rf2 Rc7 33. Ra1 Kg8 34. Raf1 Rd7 35. Rg1 Kh7 36. g5 hxg5 37. Rxg5 Kh6 38. Rg1 g6 39. hxg6 fxg6 40. Rh2+ Kg7 41. Rgh1 Rf7 42. Rh7+ Kf8 43. Bc5+ Ke8 44. Kd4 Bc6 45. Rh8+ Kd7 46. R1h7 Rxh7 47. Rxh7+ Kc8 48. Rg7 Kd8 49. Bd6 Kc8 50. c4 Kd8 51. b5 axb5 52. cxb5 Bxb5 53. Rxb7 Bd7 54. Rb8+ Bc8 55. Kxe4 g5 56. b4 g4 57. b5 Rg6 58. b6 Rg7 59. e6 Rb7 60. e7+ 1-0

[Event "Lazy op 9th"]
[Site "Lazy"]
[Date "2013.07.02"]
[Round "3"]
[White "Reza, Wojciech"]
[Black "Nowak, Maciej"]
[Result "1-0"]
[WhiteElo "2122"]
[BlackElo "2010"]
[PlyCount "125"]
[EventDate "2013.06.30"]
[EventType "swiss"]
[EventRounds "9"]
[EventCountry "POL"]
[SourceTitle "CBM 155 Extra"]
[Source "ChessBase"]
[SourceDate "2013.08.26"]
[SourceVersion "1"]
[SourceVersionDate "2013.08.26"]
[SourceQuality "1"]

1. e4 c5 2. Nf3 Nc6 3. d4 cxd4 4. Nxd4 Nf6 5. Nc3 d6 6. Bg5 e6 7. Qd2 a6 8. 0-0-0 Bd7 9. f4 b5 10. Qe1 Qb6 11. Nxc6 Bxc6 12. Nd5 Nxd5 13. exd5 Bd7 14. Bd3 Be7 15. Bxe7 Kxe7 16. Qh4+ Kf8 17. dxe6 fxe6 18. Rhf1 Qd8 19. Qh5 Qf6 20. Be4 Be8 21. Qh3 Rd8 22. Qa3 Qe7 23. Qxa6 g6 24. g4 Kg7 25. Bd3 Qd7 26. Qb6 Rf8 27. Bxb5 Qe7 28. Bc4 d5 29. Bb3 Bf7 30. Qd4+ Kg8 31. Rde1 Qh4 32. Qg1 Qf6 33. Qg3 Kh8 34. Qe3 Bg8 35. Qe5 Kg7 36. a4 Qxe5 37. fxe5 Rfe8 38. Rf4 Rb8 39. g5 Rec8 40. Kd2 Rc5 41. Re3 Ra5 42. Rc3 Rb7 43. Rc8 Bf7 44. Kc3 d4+ 45. Kxd4 Rd7+ 46. Ke4 Raa7 47. Ke3 Rd1 48. Bc4 h6 49. Be2 Rh1 50. gxh6+ Kxh6 51. h4 g5 52. Rf6+ Kg7 53. hxg5 Rg1 54. Rc4 Rxg5 55. Rg4 Rxg4 56. Bxg4 Rxa4 57. Bxe6 Bg6 58. c4 Rb4 59. Rf2 Rb3+ 60. Kd4 Rd3+ 61. Kc5 Re3 62. b4 Rxe5+ 63. Bd5 1-0

[Event "Gora Sw Anny op 4th"]
[Site "Gora Sw Anny"]
[Date "2011.02.16"]
[Round "6"]
[White "Nowak, Maciej"]
[Black "Jachym, Adam"]
[Result "0-1"]
[WhiteElo "2033"]
[BlackElo "1866"]
[PlyCount "100"]
[EventDate "2011.02.12"]
[EventType "swiss"]
[EventRounds "9"]
[EventCountry "POL"]
[SourceTitle "CBM 140 Extra"]
[Source "ChessBase"]
[SourceDate "2011.03.01"]
[SourceVersion "1"]
[SourceVersionDate "2011.03.01"]
[SourceQuality "1"]

1. d4 d5 2. c4 c6 3. Nf3 Nf6 4. Qc2 Ne4 5. Nc3 Bf5 6. Qb3 Qb6 7. cxd5 Qxb3 8. axb3 Nxc3 9. bxc3 cxd5 10. e3 Nc6 11. Bb5 f6 12. Ba3 Rc8 13. Kd2 a6 14. Be2 g5 15. Bc5 e6 16. b4 Kd7 17. Ra2 Kc7 18. Rb2 Bh6 19. b5 axb5 20. Rxb5 Ra8 21. Rb2 Bf8 22. Bxf8 Rhxf8 23. c4 Ra5 24. cxd5 exd5 25. Rc1 Rfa8 26. Bd3 Bxd3 27. Kxd3 Ra2 28. Rxa2 Rxa2 29. Nd2 b5 30. f3 Kd6 31. Rb1 Ra3+ 32. Rb3 b4 33. Rxa3 bxa3 34. Nb3 a2 35. Na1 h5 36. e4 Na5 37. Kc3 Nc4 38. Kd3 Ke6 39. Nc2 Na3 40. Na1 f5 41. e5 f4 42. Kc3 Nb5+ 43. Kd3 Kf5 44. Nc2 Na3 45. Na1 Nc4 46. Ke2 Ne3 47. Kf2 Ke6 48. g3 Nf5 49. g4 hxg4 50. fxg4 Nxd4 0-1

[Event "Gora Sw Anny op 4th"]
[Site "Gora Sw Anny"]
[Date "2011.02.12"]
[Round "2"]
[White "Nowak, Maciej"]
[Black "Kopica, Paulina"]
[Result "1-0"]
[WhiteElo "2033"]
[BlackElo "1669"]
[PlyCount "69"]
[EventDate "2011.02.12"]
[EventType "swiss"]
[EventRounds "9"]
[EventCountry "POL"]
[SourceTitle "CBM 140 Extra"]
[Source "ChessBase"]
[SourceDate "2011.03.01"]
[SourceVersion "1"]
[SourceVersionDate "2011.03.01"]
[SourceQuality "1"]

1. d4 e6 2. c4 f5 3. g3 Nf6 4. Bg2 d5 5. Nh3 c6 6. 0-0 Bd6 7. Qc2 0-0 8. Bf4 h6 9. Bxd6 Qxd6 10. Nf4 g5 11. Ng6 Re8 12. Ne5 Nbd7 13. Nd3 e5 14. dxe5 Nxe5 15. cxd5 Nxd5 16. Rd1 Be6 17. Nc3 Rad8 18. Nxe5 Qxe5 19. Bxd5 Bxd5 20. Nxd5 Rxd5 21. Rxd5 Qxd5 22. Rd1 Qe5 23. Qb3+ Kf8 24. Qxb7 Qxe2 25. Qb4+ Re7 26. Rd6 Kg7 27. Qd4+ Kh7 28. Rxc6 Qe1+ 29. Kg2 Qe2 30. Rd6 Qb5 31. Qf6 Qb7+ 32. Kh3 g4+ 33. Kh4 Qg2 34. Qxe7+ Kg8 35. Rd8# 1-0

[Event "Gora Sw Anny op 4th"]
[Site "Gora Sw Anny"]
[Date "2011.02.12"]
[Round "1"]
[White "Szmer, Aleksander"]
[Black "Nowak, Maciej"]
[Result "0-1"]
[WhiteElo "1572"]
[BlackElo "2033"]
[PlyCount "58"]
[EventDate "2011.02.12"]
[EventType "swiss"]
[EventRounds "9"]
[EventCountry "POL"]
[SourceTitle "CBM 140 Extra"]
[Source "ChessBase"]
[SourceDate "2011.03.01"]
[SourceVersion "1"]
[SourceVersionDate "2011.03.01"]
[SourceQuality "1"]

1. e4 c5 2. d4 cxd4 3. c3 Nf6 4. e5 Nd5 5. cxd4 d6 6. exd6 Qxd6 7. Nc3 Nc6 8. Bc4 Nb6 9. Bb5 a6 10. Bxc6+ Qxc6 11. Qf3 Qxf3 12. Nxf3 e6 13. 0-0 Bb4 14. Ne4 0-0 15. a3 Be7 16. Bf4 Nd5 17. Bg3 Bd7 18. Rac1 h6 19. Rfd1 f5 20. Nc3 f4 21. Nxd5 exd5 22. Rc7 Ba4 23. b3 Bd8 24. Rc3 Bb5 25. Bxf4 Rxf4 26. Ne5 Bb6 27. Rdc1 Bxd4 28. Rc8+ Rxc8 29. Rxc8+ Rf8 0-1

[Event "Kochan Memorial op-A 20th"]
[Site "Koszalin"]
[Date "2009.08.13"]
[Round "8"]
[White "Bes, Michal"]
[Black "Nowak, Maciej"]
[Result "0-1"]
[WhiteElo "1983"]
[BlackElo "2036"]
[PlyCount "100"]
[EventDate "2009.08.06"]
[EventType "swiss"]
[EventRounds "9"]
[EventCountry "POL"]
[SourceTitle "CBM 131 Extra"]
[Source "ChessBase"]
[SourceDate "2009.09.03"]
[SourceVersion "2"]
[SourceVersionDate "2009.09.16"]
[SourceQuality "1"]

1. e4 c5 2. Nf3 Nc6 3. d4 cxd4 4. Nxd4 Nf6 5. Nc3 d6 6. Bg5 e6 7. Qd2 Bd7 8. 0-0-0 a6 9. f4 h6 10. Bh4 Nxe4 11. Qe1 Nf6 12. Nf5 Qa5 13. Nxd6+ Bxd6 14. Rxd6 0-0-0 15. Bc4 Qc5 16. Bxf6 gxf6 17. Rxd7 Rxd7 18. Bb3 f5 19. Rf1 b5 20. a4 b4 21. Na2 a5 22. Kb1 Rg8 23. g3 Rc7 24. Bxe6+ Kb8 25. Bb3 Re7 26. Qf2 Qxf2 27. Rxf2 Re1+ 28. Nc1 Nd4 29. Bxf7 Rg7 30. Bc4 Rge7 31. c3 Rc7 32. Rf1 Rxf1 33. Bxf1 bxc3 34. bxc3 Rxc3 35. Ne2 Rc4 36. Nxd4 Rxd4 37. Bb5 Rd2 38. h4 Rg2 39. Bd7 Rxg3 40. Bxf5 Rf3 41. h5 Rxf4 42. Bc2 Rh4 43. Bd1 Rh2 44. Kc1 Kc7 45. Bg4 Kd6 46. Bf3 Kc5 47. Bg4 Kb4 48. Bd1 Kc3 49. Kb1 Rh1 50. Kc1 Rg1 0-1

[Event "Kochan Memorial op-A 20th"]
[Site "Koszalin"]
[Date "2009.08.12"]
[Round "7"]
[White "Ferenc, Jozef"]
[Black "Nowak, Maciej"]
[Result "1-0"]
[WhiteElo "2099"]
[BlackElo "2036"]
[PlyCount "79"]
[EventDate "2009.08.06"]
[EventType "swiss"]
[EventRounds "9"]
[EventCountry "POL"]
[SourceTitle "CBM 131 Extra"]
[Source "ChessBase"]
[SourceDate "2009.09.03"]
[SourceVersion "2"]
[SourceVersionDate "2009.09.16"]
[SourceQuality "1"]

1. e4 c5 2. g3 Nc6 3. Bg2 g6 4. Ne2 Bg7 5. c3 e5 6. f4 d6 7. 0-0 Nge7 8. d3 0-0 9. Be3 Bg4 10. Na3 b6 11. h3 Bxe2 12. Qxe2 Rc8 13. f5 f6 14. h4 Rb8 15. Rf2 b5 16. Bh3 gxf5 17. Bxf5 Nxf5 18. Rxf5 Ne7 19. Rf2 Qc8 20. Kh2 d5 21. Raf1 b4 22. cxb4 cxb4 23. Nb1 Rb7 24. h5 h6 25. Rc1 Rc7 26. Rxc7 Qxc7 27. Rf1 f5 28. Rc1 Qb7 29. Nd2 d4 30. Bf2 Qd7 31. b3 Bf6 32. Rc4 Bg5 33. Nf3 Qd6 34. exf5 Rxf5 35. Qe4 Qf6 36. Kg2 a5 37. Rc5 Be3 38. Bxe3 dxe3 39. Qxe3 e4 40. Rxf5 1-0

[Event "Kochan Memorial op-A 20th"]
[Site "Koszalin"]
[Date "2009.08.11"]
[Round "6"]
[White "Nowak, Maciej"]
[Black "Zakoscielna, Kinga"]
[Result "1/2-1/2"]
[WhiteElo "2036"]
[BlackElo "2089"]
[PlyCount "70"]
[EventDate "2009.08.06"]
[EventType "swiss"]
[EventRounds "9"]
[EventCountry "POL"]
[SourceTitle "CBM 131 Extra"]
[Source "ChessBase"]
[SourceDate "2009.09.03"]
[SourceVersion "2"]
[SourceVersionDate "2009.09.16"]
[SourceQuality "1"]

1. d4 Nf6 2. c4 g6 3. g3 Bg7 4. Bg2 d6 5. Nf3 0-0 6. 0-0 Nbd7 7. Qc2 c5 8. d5 b5 9. cxb5 Nxd5 10. e4 Nc7 11. Nc3 Bxc3 12. bxc3 Nxb5 13. a4 Nc7 14. Rd1 Bb7 15. Bh6 Re8 16. Ng5 Rb8 17. Qa2 e6 18. Rxd6 Qe7 19. Rad1 Bd5 20. R6xd5 exd5 21. exd5 Qe2 22. Qxe2 Rxe2 23. Ne4 Ne8 24. Be3 c4 25. Bf1 Ra2 26. Bxc4 Rxa4 27. Rd4 Kg7 28. Bf1 Ra1 29. Kg2 Nef6 30. Nxf6 Kxf6 31. c4 Rc8 32. Re4 Rd1 33. Bd4+ Kg5 34. Be3+ Kf6 35. Bd4+ Kg5 1/2-1/2

[Event "Pszczyna op"]
[Site "Pszczyna"]
[Date "2009.07.16"]
[Round "4"]
[White "Nowak, Maciej"]
[Black "Ulrych, Wojciech"]
[Result "1-0"]
[WhiteElo "2036"]
[BlackElo "1962"]
[PlyCount "53"]
[EventDate "2009.07.14"]
[EventType "swiss"]
[EventRounds "9"]
[EventCountry "POL"]
[SourceTitle "CBM 131 Extra"]
[Source "ChessBase"]
[SourceDate "2009.09.03"]
[SourceVersion "2"]
[SourceVersionDate "2009.09.16"]
[SourceQuality "1"]

1. d4 c5 2. d5 Nf6 3. c4 b5 4. f3 bxc4 5. e4 d6 6. Bxc4 Nbd7 7. Ne2 Ne5 8. Na3 g6 9. Bg5 Bg7 10. Qd2 h6 11. Be3 Rb8 12. Rb1 Nxc4 13. Nxc4 Rb4 14. b3 Ba6 15. a3 Rb5 16. Nc3 Rb8 17. Kf2 Nd7 18. Na4 g5 19. h4 gxh4 20. Na5 Ne5 21. Nb2 Rb5 22. Nbc4 Nxc4 23. Nxc4 Bf6 24. b4 Kd7 25. e5 dxe5 26. Qc2 cxb4 27. Nxe5+ 1-0